| 000 | 00443nam a2200181 a 4500 | ||
|---|---|---|---|
| 001 | 4829 | ||
| 003 | CO-ViMGA | ||
| 008 | 141112s2004 ck r 000 u spa d | ||
| 040 |
_aCO-ViMGA _bspa _cCO-ViMGA |
||
| 082 | 0 | 4 | _a636.089 E243 |
| 100 | 1 |
_aEckell, Osvaldo A _92997 |
|
| 245 | 1 | 0 | _aVeterinaria práctica |
| 250 | _a10a | ||
| 260 |
_aBuenos Aires : _bEl Ateneo, _c1985 |
||
| 300 | _a566 p : il | ||
| 650 | 1 | 4 | _aVETERINARIA |
| 942 |
_2ddc _cBK |
||
| 999 |
_c16835 _d16835 |
||